[Event "Paris-ch op"]
[Site "Paris"]
[Date "1990.??.??"]
[Round "?"]
[White "Barta, Sandor"]
[Black "Bonnet, Herve"]
[Result "1/2-1/2"]
[WhiteElo "2295"]
[BlackElo "2240"]
[PlyCount "57"]
[EventDate "1990.05.??"]
[EventType "swiss"]
[EventRounds "9"]
[EventCountry "FRA"]
[SourceTitle "EXT 1997"]
[Source "ChessBase"]
[SourceDate "1996.11.15"]
[SourceVersion "1"]
[SourceVersionDate "1996.11.15"]
[SourceQuality "1"]

1. d4 Nf6 2. Nf3 g6 3. Bg5 Bg7 4. Nbd2 d5 5. e3 0-0 6. Be2 c5 7. c3 Nc6 8. dxc5 Bf5 9. Nd4 Ne4 10. Nxf5 gxf5 11. Nxe4 fxe4 12. Qb3 Qa5 13. 0-0-0 e6 14. Bb5 a6 15. Bxc6 bxc6 16. Qb4 Qxb4 17. cxb4 Rfb8 18. b3 Rxb4 19. Kc2 a5 20. a4 Bf8 21. Bf6 Bxc5 22. h4 Kf8 23. Rh3 Be7 24. Bc3 Rb7 25. f3 Bb4 26. Bf6 Be7 27. Bc3 Bb4 28. Bf6 Be7 29. Bc3 1/2-1/2